Gaming Quiz

Random Gaming or Numbers Quiz

Kakuro unique sums Quiz Stats

 Plays Quiz not verified by Sporcle

Challenge
Share
Tweet
Embed
Score 0/34 Timer 04:00
0 Plays Today
sum in number of addends list of all addends (asc or desc) % Correct
3 in 2 numbers12
100%
4 in 2 numbers13
98.5%
6 in 3 numbers123
97.8%
17 in 2 numbers89
97%
7 in 3 numbers124
96.3%
10 in 4 numbers1234
96.3%
16 in 2 numbers79
95.5%
24 in 3 numbers789
94.8%
11 in 4 numbers1235
94.8%
30 in 4 numbers6789
93.3%
15 in 5 numbers12345
93.3%
23 in 3 numbers689
91.8%
16 in 5 numbers12346
91%
29 in 4 numbers5789
90.3%
21 in 6 numbers123456
90.3%
35 in 5 numbers56789
89.6%
28 in 7 numbers1234567
89.6%
sum in number of addends list of all addends (asc or desc) % Correct
45 in 9 numbers123456789
88.1%
34 in 5 numbers46789
87.3%
39 in 6 numbers456789
87.3%
36 in 8 numbers12345678
86.6%
22 in 6 numbers123457
85.8%
44 in 8 numbers23456789
84.3%
38 in 6 numbers356789
82.8%
42 in 7 numbers3456789
82.8%
29 in 7 numbers1234568
81.3%
37 in 8 numbers12345679
81.3%
41 in 7 numbers2456789
79.1%
40 in 8 numbers12346789
79.1%
42 in 8 numbers12456789
78.4%
43 in 8 numbers13456789
78.4%
38 in 8 numbers12345689
77.6%
41 in 8 numbers12356789
77.6%
39 in 8 numbers12345789
76.9%

You're not logged in!

Compare scores with friends on all Sporcle quizzes.
OR
Log In

You Might Also Like...

Show Comments

Extras

Created Aug 4, 2010ReportNominate
Tags:Numbers Quiz, sum, unique

Top Quizzes Today


Score Distribution

Your Account Isn't Verified!

In order to create a playlist on Sporcle, you need to verify the email address you used during registration. Go to your Sporcle Settings to finish the process.

Report this User

Report this user for behavior that violates our Community Guidelines.

Details: